书目信息 |
| 题名: |
简明法汉词典
|
|
| 作者: | 高达观 , 徐仲年 主编 | |
| 分册: | ||
| 出版信息: | 北京 商务印书馆 1963 |
|
| 页数: | 956页 | |
| 开本: | 19cm | |
| 丛书名: | ||
| 单 册: | ||
| 中图分类: | H326 | |
| 科图分类: | ||
| 主题词: | 法语--词典 | |
| 电子资源: | ||
| ISBN: | ||
| 000 | 00664nam0 2200241 45 | |
| 001 | 0178004637 | |
| 005 | 20060725095610.67 | |
| 010 | @b精装@dCNY3.10 | |
| 091 | @a9017.239 | |
| 100 | @a19950718e19781963em y0chiy0121 ea | |
| 101 | 0 | @achi@afre |
| 102 | @aCN@b110000 | |
| 105 | @ay e 000yy | |
| 200 | 10 | @a简明法汉词典@Ajian ming fa han ci dian@f高达观,徐仲年主编@FGao Da Guan,Xu Zhong Nian Zhu Bian |
| 210 | @a北京@c商务印书馆@d1963@h1978重印 | |
| 215 | @a956页@d19cm | |
| 300 | @a内部发行 | |
| 606 | @a法语@x词典 | |
| 690 | @aH326@v3 | |
| 701 | 0 | @a高达观@4主编 |
| 701 | 0 | @a徐仲年@4主编 |
| 801 | 0 | @aCN@bNLC@c20060725 |
| 905 | @f2@b178609-610@dH326@e29 | |
| 简明法汉词典/高达观,徐仲年主编.-北京:商务印书馆,1963(1978重印) |
| 956页;19cm |
| 内部发行 |
| ISBN (精装):CNY3.10 |
| ● |
| 相关链接 |
|
|
|
|
正题名:简明法汉词典
索取号:H326/29
 
预约/预借
| 序号 | 登录号 | 条形码 | 馆藏地/架位号 | 状态 | 备注 |
| 1 | 0178609 | 001134178 | 密集书库/ [索取号:H326/29] | 在馆 | |
| 2 | 0178610 | 001134187 | 密集书库/ [索取号:H326/29] | 在馆 | |
| 3 | 0178611 | 001134249 | 第二样本阅览室/ [索取号:H326/29] | 在馆 | |
| 4 | 0426122 | 204261226 | 密集书库/ [索取号:H326/29] | 在馆 |